00354nam a22001457a 4500003000400000008004100004020001800045022001800063082001500081100002000096245003500116250001100151260003800162300000800200OSt240413b |||||||| |||| 00| 0 eng d a9789355517180 a9789355517180 a363.25 VAC aVASHISHTH,Tarun aCyber Forensics UP and Running a1st Ed aNew DelhibBPB Publicationsc2024 a387